Discovering rats and mice

Bibliographic Details
Format: Book
Published: England : Wayland , 1986
Series:Discovering nature
Subjects:

MARC

LEADER 00000cam a2200000 7i4500
001 0000002052
002 000002240
005 20080319.0
020 |a 0850788161 
090 0 0 |a 508   |b DIS 
245 1 0 |a Discovering rats and mice   |c Jill Bailey 
260 |a England :   |b Wayland ,   |c 1986 
300 |a 46 p. :   |b ill. ;   |c 21 cm. 
490 0 |a Discovering nature 
650 0 0 |a Mice   |x Juvenile Literature 
999 |a 033666   |b BUKU   |c JUNIOR BOOKS   |e PERPUSTAKAAN KOMUNITI PETALING JAYA